[Event "Cambridge op 2nd"]
[Site "Cambridge"]
[Date "2024.02.23"]
[Round "8"]
[White "Mocic, Ivano"]
[Black "Sasikumar, Srivathsan"]
[Result "1-0"]
[WhiteElo "2008"]
[BlackElo "1719"]
[PlyCount "49"]
[EventDate "2024.02.19"]
[EventType "swiss"]
[EventRounds "9"]
[EventCountry "ENG"]
[SourceTitle "CB09_2024"]
[SourceDate "2024.02.28"]
[SourceVersion "1"]
[SourceVersionDate "2024.02.28"]
[SourceQuality "1"]

1. d4 Nf6 2. Nf3 d5 3. Bf4 c6 4. e3 Bf5 5. Bd3 Bg6 6. 0-0 e6 7. c4 Bd6 8. Bg3 Bxg3 9. hxg3 Nbd7 10. Nc3 0-0 11. Bxg6 hxg6 12. Qd3 Qc7 13. Rad1 Rad8 14. Qe2 Rfe8 15. Rfe1 dxc4 16. Qxc4 e5 17. e4 exd4 18. Rxd4 Ne5 19. Nxe5 Qxe5 20. Rdd1 Qh5 21. f3 Qg5 22. g4 Rd2 23. Rxd2 Qxd2 24. Qe2 Rd8 25. Rd1 1-0

[Event "Dubrovnik Advent op"]
[Site "Dubrovnik"]
[Date "2023.12.03"]
[Round "6"]
[White "Mocic, Ivano"]
[Black "Zovko, Mario"]
[Result "1/2-1/2"]
[WhiteElo "1971"]
[BlackElo "2292"]
[PlyCount "76"]
[EventDate "2023.12.01"]
[EventType "swiss"]
[EventRounds "6"]
[EventCountry "CRO"]
[SourceTitle "CB49_2023"]
[SourceDate "2023.12.06"]
[SourceVersion "1"]
[SourceVersionDate "2023.12.06"]
[SourceQuality "1"]

1. d4 d5 2. Nf3 c5 3. c4 e6 4. cxd5 exd5 5. Nc3 Nc6 6. g3 Nf6 7. Bg2 Be7 8. 0-0 0-0 9. dxc5 Bxc5 10. Bg5 d4 11. Bxf6 Qxf6 12. Ne4 Qe7 13. Nxc5 Qxc5 14. Rc1 Qb6 15. Qd2 Be6 16. b3 Rad8 17. Rfd1 Rfe8 18. h3 Bd5 19. Ne1 Bxg2 20. Kxg2 Rd6 21. e3 Rdd8 22. exd4 Nxd4 23. Qg5 Qe6 24. Qg4 f5 25. Qf4 Ne2 26. Qg5 Nxc1 27. Rxd8 Qxe1 28. Rxe8+ Qxe8 29. Qxc1 Qe4+ 30. Kg1 h6 31. Qc5 b6 32. Qa3 Qb7 33. Qd6 Qf7 34. h4 Kh7 35. Qd4 Qe6 36. Qd2 Qe4 37. Qd7 a5 38. Qd6 Qb1+ 1/2-1/2

[Event "CRO-ch U11"]
[Site "Trogir"]
[Date "2023.06.25"]
[Round "7"]
[White "Golubovic, Erik"]
[Black "Mocic, Ivano"]
[Result "1-0"]
[WhiteElo "1925"]
[BlackElo "1935"]
[PlyCount "59"]
[EventDate "2023.06.21"]
[EventType "swiss"]
[EventRounds "9"]
[EventCountry "CRO"]
[SourceTitle "EXT 2024"]
[Source "ChessBase"]
[SourceDate "2023.10.10"]
[SourceVersion "1"]
[SourceVersionDate "2023.10.10"]
[SourceQuality "1"]

1. d4 Nf6 2. Nf3 d5 3. g3 e6 4. Bg2 Nbd7 5. 0-0 c6 6. c4 dxc4 7. a4 a5 8. Nbd2 b5 9. Ne5 Nxe5 10. dxe5 Nd5 11. Ne4 Be7 12. Nd6+ Bxd6 13. exd6 Bb7 14. e4 Nb6 15. Qg4 Rg8 16. Rd1 Nd7 17. axb5 cxb5 18. Qh5 Nf6 19. Qxb5+ Qd7 20. Qxc4 h6 21. Be3 g5 22. Rac1 Kf8 23. Qd4 Ne8 24. Bf1 f6 25. Rc5 Rd8 26. Qc3 Nxd6 27. Qxf6+ Ke8 28. Bb5 Nxb5 29. Rxd7 Rxd7 30. Qxe6+ 1-0

[Event "CRO-ch U11"]
[Site "Trogir"]
[Date "2023.06.25"]
[Round "8"]
[White "Mocic, Ivano"]
[Black "Botica, Viseslav"]
[Result "1/2-1/2"]
[WhiteElo "1935"]
[BlackElo "1096"]
[PlyCount "61"]
[EventDate "2023.06.21"]
[EventType "swiss"]
[EventRounds "9"]
[EventCountry "CRO"]
[SourceTitle "EXT 2024"]
[Source "ChessBase"]
[SourceDate "2023.10.10"]
[SourceVersion "1"]
[SourceVersionDate "2023.10.10"]
[SourceQuality "1"]

1. d4 b6 2. e4 e6 3. Nc3 Bb7 4. Nf3 Bb4 5. Bd3 Nf6 6. e5 Nd5 7. Bd2 Nxc3 8. bxc3 Be7 9. Qe2 d6 10. exd6 cxd6 11. Rb1 Nc6 12. 0-0 d5 13. Rfe1 0-0 14. Ne5 Nxe5 15. Qxe5 Rc8 16. Qh5 g6 17. Qg4 Bf6 18. f4 h5 19. Qe2 Kg7 20. g3 Qc7 21. h3 Be7 22. Qf3 Bd6 23. Kg2 Rh8 24. Re2 Rhe8 25. Bb5 Bc6 26. a4 Ra8 27. Ree1 Bxb5 28. axb5 a5 29. bxa6 Rxa6 30. Rb2 Rea8 31. Reb1 1/2-1/2

[Event "CRO-ch U11"]
[Site "Trogir"]
[Date "2023.06.22"]
[Round "3"]
[White "Ciganovic, Marko"]
[Black "Mocic, Ivano"]
[Result "0-1"]
[WhiteElo "1291"]
[BlackElo "1935"]
[PlyCount "90"]
[EventDate "2023.06.21"]
[EventType "swiss"]
[EventRounds "9"]
[EventCountry "CRO"]
[SourceTitle "EXT 2024"]
[Source "ChessBase"]
[SourceDate "2023.10.10"]
[SourceVersion "1"]
[SourceVersionDate "2023.10.10"]
[SourceQuality "1"]

1. d4 Nf6 2. c4 e6 3. Nc3 Bb4 4. Bd2 0-0 5. Nf3 d6 6. Qa4 Bxc3 7. Bxc3 Ne4 8. Rc1 Nxc3 9. Rxc3 Nd7 10. e4 e5 11. d5 Nc5 12. Qc2 f5 13. Bd3 Nxd3+ 14. Qxd3 fxe4 15. Qxe4 b6 16. b4 a5 17. b5 Qf6 18. 0-0 Bf5 19. Qh4 Qxh4 20. Nxh4 Bd7 21. Re1 Rf6 22. g3 Raf8 23. f3 g5 24. Ng2 Rxf3 25. Rxf3 Rxf3 26. Re3 Rf8 27. h4 h6 28. Ne1 gxh4 29. gxh4 Rf4 30. Rg3+ Kh7 31. Nf3 Rxc4 32. Nd2 Rg4 33. Rxg4 Bxg4 34. Ne4 Kg6 35. Kf2 Bd7 36. h5+ Kg7 37. a4 Bg4 38. Ng3 Bd1 39. Nf5+ Kh7 40. Ke3 Bxa4 41. Ne7 Bxb5 42. Nc8 a4 43. Kd2 Bc4 44. Kc2 Bxd5 45. Ne7 Bf3 0-1

[Event "CRO-ch U11"]
[Site "Trogir"]
[Date "2023.06.21"]
[Round "1"]
[White "Balent, Tomislav"]
[Black "Mocic, Ivano"]
[Result "0-1"]
[WhiteElo "1645"]
[BlackElo "1935"]
[PlyCount "94"]
[EventDate "2023.06.21"]
[EventType "swiss"]
[EventRounds "9"]
[EventCountry "CRO"]
[SourceTitle "EXT 2024"]
[Source "ChessBase"]
[SourceDate "2023.10.10"]
[SourceVersion "1"]
[SourceVersionDate "2023.10.10"]
[SourceQuality "1"]

1. e4 g6 2. Nf3 Bg7 3. Bc4 d6 4. d3 e6 5. 0-0 Ne7 6. Nc3 a6 7. h3 b5 8. Bb3 c5 9. a4 b4 10. Ne2 a5 11. Bd2 Bxb2 12. Rb1 Bg7 13. c3 Ba6 14. Qc2 Nbc6 15. c4 0-0 16. Be3 h6 17. Rfd1 e5 18. Rd2 f5 19. g4 f4 20. Bxc5 dxc5 21. Kg2 Bc8 22. Nh2 f3+ 23. Nxf3 h5 24. Kg3 Qd7 25. Nh2 hxg4 26. hxg4 Nd4 27. Nxd4 exd4 28. f3 Be5+ 29. Kh3 Bxh2 30. Kxh2 Rxf3 31. Rg2 Qd6+ 32. Kg1 Rg3 33. Qf2 Rxg2+ 34. Qxg2 Qf4 35. Bd1 Qe3+ 36. Kh1 Bb7 37. Kh2 Kg7 38. Qe2 Rh8+ 39. Kg2 Qh3+ 40. Kf2 Qh4+ 41. Kf3 Qh1+ 42. Kf4 g5+ 43. Ke5 Ng6+ 44. Kd6 Nf4 45. Qd2 Qh6+ 46. Kxc5 Rd8 47. Bb3 Qc6# 0-1

[Event "Wch U12 rapid"]
[Site "Batumi"]
[Date "2023.06.08"]
[Round "10"]
[White "Gvasalia, Gaga"]
[Black "Mocic, Ivano"]
[Result "1/2-1/2"]
[WhiteElo "1462"]
[BlackElo "1559"]
[PlyCount "114"]
[EventDate "2023.06.06"]
[EventType "swiss (rapid)"]
[EventRounds "11"]
[EventCountry "GEO"]
[SourceTitle "EXT 2024"]
[Source "ChessBase"]
[SourceDate "2023.10.10"]
[SourceVersion "1"]
[SourceVersionDate "2023.10.10"]
[SourceQuality "1"]
[WhiteTeam "Georgia"]
[BlackTeam "Croatia"]
[WhiteTeamCountry "GEO"]
[BlackTeamCountry "CRO"]

1. e4 g6 2. d4 Bg7 3. Nc3 d6 4. f4 a6 5. Nf3 b5 6. Bd3 Bb7 7. Ne2 e6 8. 0-0 Ne7 9. c3 Nd7 10. a4 bxa4 11. Rxa4 c5 12. Be3 cxd4 13. Bxd4 e5 14. Be3 exf4 15. Nxf4 Ne5 16. Qe2 0-0 17. Rd1 Qd7 18. Ra3 Rfe8 19. Nxe5 Bxe5 20. c4 Qc7 21. Nd5 Nxd5 22. cxd5 a5 23. Rc1 Qe7 24. Bb5 Rec8 25. Rxc8+ Rxc8 26. Rxa5 Qf6 27. Qf2 Qg7 28. Ra7 Ba8 29. Bd7 Rb8 30. Be6 Rf8 31. Bxf7+ Rxf7 32. Rxa8+ Rf8 33. Qxf8+ Qxf8 34. Rxf8+ Kxf8 35. b4 Ke8 36. Kf1 Bxh2 37. b5 Kd7 38. Ke2 Be5 39. Kd3 Kc7 40. Kc4 Kb7 41. Bd4 Bf4 42. b6 h5 43. Kd3 g5 44. Ke2 g4 45. Kf2 h4 46. Be3 Be5 47. Ke2 h3 48. gxh3 gxh3 49. Kf3 h2 50. Kg2 Ka6 51. Bf2 Kb7 52. Be3 Kc8 53. Bf2 Kb8 54. Kh1 Kb7 55. Be3 Ka6 56. Kg2 Kb7 57. Kh1 Kc8 1/2-1/2

[Event "Wch U12 rapid"]
[Site "Batumi"]
[Date "2023.06.07"]
[Round "7"]
[White "Karakhanyan, Vazgen"]
[Black "Mocic, Ivano"]
[Result "0-1"]
[WhiteElo "1332"]
[BlackElo "1559"]
[PlyCount "46"]
[EventDate "2023.06.06"]
[EventType "swiss (rapid)"]
[EventRounds "11"]
[EventCountry "GEO"]
[SourceTitle "EXT 2024"]
[Source "ChessBase"]
[SourceDate "2023.10.10"]
[SourceVersion "1"]
[SourceVersionDate "2023.10.10"]
[SourceQuality "1"]
[WhiteTeam "Armenia"]
[BlackTeam "Croatia"]
[WhiteTeamCountry "ARM"]
[BlackTeamCountry "CRO"]

1. d4 Nf6 2. c4 e6 3. Nf3 Bb4+ 4. Bd2 Qe7 5. a3 Bxd2+ 6. Qxd2 d6 7. Nc3 e5 8. d5 0-0 9. e4 a5 10. Bd3 Ne8 11. 0-0-0 Na6 12. Rdg1 Nc5 13. Bc2 f5 14. h3 Nf6 15. exf5 Bxf5 16. Ne1 e4 17. g4 Bg6 18. h4 Nfd7 19. h5 Be8 20. Qd4 Qf6 21. Qxf6 Nxf6 22. Kd2 Bd7 23. Bd1 e3+ 0-1

[Event "Wch U12 rapid"]
[Site "Batumi"]
[Date "2023.06.06"]
[Round "2"]
[White "Temirbekov, Taimaz"]
[Black "Mocic, Ivano"]
[Result "1-0"]
[WhiteElo "1968"]
[BlackElo "1559"]
[PlyCount "59"]
[EventDate "2023.06.06"]
[EventType "swiss (rapid)"]
[EventRounds "11"]
[EventCountry "GEO"]
[SourceTitle "EXT 2024"]
[Source "ChessBase"]
[SourceDate "2023.10.10"]
[SourceVersion "1"]
[SourceVersionDate "2023.10.10"]
[SourceQuality "1"]
[WhiteTeam "FIDE"]
[BlackTeam "Croatia"]
[BlackTeamCountry "CRO"]

1. e4 c6 2. d4 d5 3. Nc3 dxe4 4. Nxe4 Nd7 5. Nf3 Ngf6 6. Nxf6+ Nxf6 7. c3 Bg4 8. h3 Bh5 9. g4 Bg6 10. Ne5 Be4 11. f3 Bd5 12. c4 Be6 13. Be3 g6 14. Kf2 Bg7 15. Rc1 0-0 16. Be2 Rc8 17. Qd2 h5 18. b3 Kh7 19. Nd3 Qd7 20. Rcg1 Kg8 21. Nc5 Qc7 22. Nxe6 fxe6 23. Qc2 Qd7 24. gxh5 Nxh5 25. Rxg6 Nf4 26. Rg4 Nxe2 27. Kxe2 Rf7 28. Rhg1 Rcf8 29. Bh6 Qxd4 30. Rxd4 1-0

[Event "Hvar Arsenal op"]
[Site "Hvar"]
[Date "2022.10.14"]
[Round "9"]
[White "Mocic, Ivano"]
[Black "Ljubicic, Mario"]
[Result "1/2-1/2"]
[WhiteElo "1662"]
[BlackElo "2011"]
[PlyCount "59"]
[EventDate "2022.10.08"]
[EventType "swiss"]
[EventRounds "9"]
[EventCountry "CRO"]
[SourceTitle "CBM 210 Extra"]
[Source "ChessBase"]
[SourceDate "2022.11.30"]
[SourceVersion "1"]
[SourceVersionDate "2022.11.30"]
[SourceQuality "1"]

1. d4 Nf6 2. Nf3 g6 3. g3 Bg7 4. Bg2 d6 5. 0-0 0-0 6. c4 Nc6 7. Nc3 e5 8. dxe5 dxe5 9. Bg5 Be6 10. Nd5 Bxd5 11. Bxf6 Bxf6 12. cxd5 Ne7 13. Ne1 c6 14. dxc6 Nxc6 15. Bxc6 bxc6 16. Qc2 Qb6 17. e4 Rfd8 18. Nf3 Rd6 19. b3 Rad8 20. Rfd1 Kg7 21. Rxd6 Rxd6 22. Rc1 Qb5 23. Qc4 Qb6 24. Qc5 Rd1+ 25. Kg2 Rxc1 26. Qxc1 h5 27. h4 a5 28. Qc2 Kf8 29. Nd2 Bd8 30. Nc4 1/2-1/2

[Event "Hvar Arsenal op"]
[Site "Hvar"]
[Date "2022.10.10"]
[Round "4"]
[White "Mocic, Ivano"]
[Black "Simunic, Krunoslav"]
[Result "1-0"]
[WhiteElo "1662"]
[BlackElo "1949"]
[PlyCount "92"]
[EventDate "2022.10.08"]
[EventType "swiss"]
[EventRounds "9"]
[EventCountry "CRO"]
[SourceTitle "CBM 210 Extra"]
[Source "ChessBase"]
[SourceDate "2022.11.30"]
[SourceVersion "1"]
[SourceVersionDate "2022.11.30"]
[SourceQuality "1"]

1. d4 f5 2. g3 Nf6 3. Bg2 g6 4. Nf3 Bg7 5. 0-0 0-0 6. c4 d6 7. Nc3 c6 8. b3 e5 9. dxe5 dxe5 10. Qc2 e4 11. Ne1 Na6 12. a3 Be6 13. e3 Ng4 14. Bb2 Rc8 15. Rd1 Qe7 16. Qe2 Nc5 17. Qc2 b5 18. b4 Nd3 19. c5 Bc4 20. Ba1 Qe6 21. Rd2 Rfd8 22. Qd1 Rd7 23. Nxd3 Bxd3 24. Ne2 Bxa1 25. Qxa1 Qe5 26. Qc1 Rcd8 27. Rfd1 Qf6 28. Nd4 Ne5 29. Qc3 Nc4 30. Rxd3 exd3 31. Rxd3 Ne5 32. Rd1 g5 33. Rf1 f4 34. Qb3+ Kh8 35. Ne6 f3 36. Bh1 Re8 37. Nd4 g4 38. a4 Nc4 39. Qa2 a6 40. axb5 axb5 41. Qa6 Rc7 42. Nxb5 Rd7 43. Nd4 Nd2 44. Rc1 Rxe3 45. Nxc6 Re6 46. Qc8+ Rd8 1-0

[Event "Hvar Arsenal op"]
[Site "Hvar"]
[Date "2022.10.09"]
[Round "2"]
[White "Mocic, Ivano"]
[Black "Doric, Nenad"]
[Result "1/2-1/2"]
[WhiteElo "1662"]
[BlackElo "2219"]
[PlyCount "57"]
[EventDate "2022.10.08"]
[EventType "swiss"]
[EventRounds "9"]
[EventCountry "CRO"]
[SourceTitle "CBM 210 Extra"]
[Source "ChessBase"]
[SourceDate "2022.11.30"]
[SourceVersion "1"]
[SourceVersionDate "2022.11.30"]
[SourceQuality "1"]

1. d4 Nf6 2. c4 e6 3. Nf3 b6 4. Nc3 Bb7 5. e3 Be7 6. Bd3 c5 7. 0-0 cxd4 8. exd4 d5 9. Qe2 dxc4 10. Bxc4 0-0 11. Rd1 Nd5 12. Ne5 Nxc3 13. bxc3 Nd7 14. Bb2 Nxe5 15. Qxe5 Bf6 16. Qe2 Rc8 17. Bb3 Qc7 18. c4 Qf4 19. Rac1 Qe4 20. Qxe4 Bxe4 21. Re1 Bb7 22. Re2 Rfd8 23. Rd1 Ba6 24. Rc2 b5 25. c5 Bb7 26. f3 a5 27. a3 Bd5 28. Bxd5 Rxd5 29. Rcd2 1/2-1/2

[Event "Nova Gorica op-A 26th"]
[Site "Nova Gorica"]
[Date "2022.09.16"]
[Round "1"]
[White "Bajo, Tin"]
[Black "Mocic, Ivano"]
[Result "1-0"]
[WhiteElo "1999"]
[BlackElo "1672"]
[PlyCount "105"]
[EventDate "2022.09.16"]
[EventType "swiss"]
[EventRounds "9"]
[EventCountry "SLO"]
[SourceTitle "CBM 210 Extra"]
[Source "ChessBase"]
[SourceDate "2022.11.30"]
[SourceVersion "1"]
[SourceVersionDate "2022.11.30"]
[SourceQuality "1"]

1. e4 c6 2. d4 d5 3. Nc3 dxe4 4. Nxe4 Bf5 5. Ng3 Bg6 6. Nf3 Nd7 7. Bd3 Bxd3 8. Qxd3 e6 9. Bf4 Ngf6 10. 0-0 Be7 11. Rfe1 0-0 12. c3 c5 13. Rad1 cxd4 14. Nxd4 Nd5 15. Bc1 N7f6 16. Ne4 Qb6 17. Qg3 Qc7 18. Nxf6+ Bxf6 19. Qg4 Rad8 20. a3 g6 21. Qf3 Bg7 22. h4 h5 23. Rd3 a6 24. Red1 Ne7 25. Bg5 e5 26. Nc2 Rxd3 27. Qxd3 Nf5 28. g3 Qb6 29. b4 e4 30. Qxe4 Nxg3 31. Qf3 Nf5 32. Ne3 Nxe3 33. Bxe3 Qc7 34. Bd4 Rd8 35. Qe4 b5 36. Rd3 Qd7 37. Kf1 Qd5 38. Qxd5 Rxd5 39. Ke2 Bxd4 40. cxd4 Kf8 41. Ke3 Ke7 42. Rc3 Ke6 43. Rc8 Rd7 44. Ke4 f5+ 45. Ke3 Rd6 46. f3 Rd5 47. Rc6+ Rd6 48. Rxd6+ Kxd6 49. Kf4 Kd5 50. Kg5 Kxd4 51. Kxg6 f4 52. Kxh5 Ke3 53. Kg4 1-0

[Event "EU-ch Amateur U2000"]
[Site "Zagreb"]
[Date "2022.08.16"]
[Round "3"]
[White "Mocic, Ivano"]
[Black "Zubic, Aleksandar"]
[Result "1-0"]
[WhiteElo "1572"]
[BlackElo "1839"]
[PlyCount "75"]
[EventDate "2022.08.14"]
[EventType "swiss"]
[EventRounds "9"]
[EventCountry "CRO"]
[SourceTitle "CBM 210 Extra"]
[Source "ChessBase"]
[SourceDate "2022.11.30"]
[SourceVersion "1"]
[SourceVersionDate "2022.11.30"]
[SourceQuality "1"]

1. c4 e6 2. d4 d5 3. Nc3 Nf6 4. Bg5 Be7 5. e3 Nbd7 6. Nf3 c5 7. Bd3 a6 8. a4 b6 9. 0-0 0-0 10. Qe2 Bb7 11. cxd5 exd5 12. Rad1 Ne4 13. Bxe7 Qxe7 14. Nd2 Rfe8 15. Rfe1 Ndf6 16. f3 Nd6 17. Qf2 Qd7 18. e4 dxe4 19. Ndxe4 Ndxe4 20. Bxe4 cxd4 21. Qxd4 Qxd4+ 22. Rxd4 Rac8 23. Red1 Bxe4 24. fxe4 Kf8 25. Rb4 Rc6 26. h3 Re5 27. Kf2 Ke7 28. Kf3 g5 29. g4 Nd7 30. Rbd4 Nc5 31. Rd5 Rce6 32. Rxe5 Rxe5 33. Rd4 Ke6 34. Rb4 Nd7 35. Nd5 Kd6 36. Nxb6 Nc5 37. Nc4+ Ke6 38. Rb6+ 1-0

[Event "EU-ch Amateur U2000"]
[Site "Zagreb"]
[Date "2022.08.15"]
[Round "2"]
[White "Mocic, Ivano"]
[Black "Zielinski, Olgierd"]
[Result "1-0"]
[WhiteElo "1572"]
[BlackElo "1842"]
[PlyCount "131"]
[EventDate "2022.08.14"]
[EventType "swiss"]
[EventRounds "9"]
[EventCountry "CRO"]
[SourceTitle "CBM 210 Extra"]
[Source "ChessBase"]
[SourceDate "2022.11.30"]
[SourceVersion "1"]
[SourceVersionDate "2022.11.30"]
[SourceQuality "1"]

1. c4 c5 2. Nf3 Nc6 3. Nc3 g6 4. d3 Bg7 5. g3 Nh6 6. Bg2 Nf5 7. 0-0 0-0 8. Bd2 d6 9. e3 e6 10. Qe2 Rb8 11. Rab1 Qd7 12. a3 b6 13. b4 Bb7 14. Rfd1 Rfe8 15. Be1 Rbd8 16. Qc2 h5 17. h4 Qc8 18. Ne2 Qa8 19. e4 Nfd4 20. Nexd4 Nxd4 21. Nxd4 Bxd4 22. Bc3 d5 23. Bxd4 cxd4 24. exd5 exd5 25. c5 Rc8 26. Qb2 bxc5 27. bxc5 Bc6 28. Qxd4 Re2 29. Re1 Rce8 30. Rxe2 Rxe2 31. Qf4 Re8 32. Qd6 Rd8 33. Qc7 Rc8 34. Qf4 Re8 35. d4 Qd8 36. Kh2 Kg7 37. Qd2 Qf6 38. Rb3 Re6 39. Re3 Qe7 40. Rxe6 Qxe6 41. Qe3 Qd7 42. Qe5+ f6 43. Qe3 Qf7 44. Bh3 Bd7 45. Bxd7 Qxd7 46. Qf4 Kf7 47. Qb8 a5 48. Qb2 a4 49. Qb4 Qf5 50. Qb7+ Kf8 51. Qb8+ Kf7 52. Kg1 g5 53. hxg5 fxg5 54. Qb7+ Kf6 55. c6 h4 56. c7 hxg3 57. Qc6+ Kf7 58. fxg3 Qf3 59. Qd7+ Kf6 60. Qd8+ Kg6 61. Qe8+ Kg7 62. Qe5+ Kg6 63. c8Q Qd1+ 64. Kf2 Qd2+ 65. Qe2 Qxd4+ 66. Kg2 1-0

[Event "EU-chT U12"]
[Site "Thessaloniki"]
[Date "2022.07.13"]
[Round "2.4"]
[White "Mocic, Ivano"]
[Black "Krstevski, Pavel"]
[Result "1/2-1/2"]
[WhiteElo "1577"]
[BlackElo "1121"]
[PlyCount "66"]
[EventDate "2022.07.12"]
[EventType "team-swiss"]
[EventRounds "7"]
[EventCountry "GRE"]
[SourceTitle "EXT 2023"]
[Source "ChessBase"]
[SourceDate "2022.10.05"]
[SourceVersion "1"]
[SourceVersionDate "2022.10.05"]
[SourceQuality "1"]
[WhiteTeam "Croatia U12"]
[BlackTeam "Macedonia U12"]
[WhiteTeamCountry "CRO"]
[BlackTeamCountry "MKD"]

1. d4 d5 2. c4 e6 3. Nc3 Nf6 4. Bg5 Be7 5. e3 0-0 6. Nf3 a6 7. cxd5 exd5 8. Bd3 Nbd7 9. Qc2 Re8 10. 0-0 Nf8 11. Ne5 Ng6 12. Nxg6 hxg6 13. Ne2 Ne4 14. Bxe7 Qxe7 15. Rac1 c6 16. Ng3 Nxg3 17. hxg3 Be6 18. Rfe1 Qb4 19. f3 Rad8 20. g4 Rd7 21. Kf2 Qe7 22. Qe2 Qh4+ 23. Kg1 Rde7 24. Qf2 Qg5 25. Re2 Bd7 26. Rce1 Re6 27. e4 dxe4 28. Rxe4 Rxe4 29. Rxe4 Qc1+ 30. Kh2 Qh6+ 31. Kg1 Qc1+ 32. Kh2 Qh6+ 33. Kg1 Qc1+ 1/2-1/2